000 00784nam a2200241Ia 4500
003 OSt
005 20220918204852.0
006 a|||||r|||| 00| 0
007 ta
008 220917b |||||||| |||| 00| 0 eng d
024 _a114,484
037 _cTextual
040 _aARTS
_cARTS
_beng
041 _2eng
_aeng
082 _aV5:19(X:5).4.K4, L3
100 _aSteensgaard Nierls
_9113383
245 0 _aCarracks carnvans and companies
_b the structural crisis in the European Asian trade in the early 17th century
260 _adenmark
_bStudentlitteratur
_c1973
490 _aScandinavian institute of Asian Studiesn monograph series; 17
650 _aHISTORY
942 _hV5:19(X:5).4.K4, L3
_cTEXL
_2CC
999 _c237815
_d237815